000 00366nam a2200157Ia 4500
003 OSt
005 20240131123323.0
008 170524s9999 xx 000 0 und d
020 _a978-0471298281
040 _cIIMT UNIVERSITY
100 _aMeredith & Shafer
100 _c2011
245 0 _aOPERATION MANAGEMENT FOR MBA
260 _aWiley India
942 _2ddc
_c02
999 _c2502
_d2502